| 000 | 00316 a2200109 4500 | ||
|---|---|---|---|
| 020 | _a8183560938 | ||
| 082 | _a510.7 SHA | ||
| 100 | _aSharma, S. C. | ||
| 245 |
_aOperation Research Simulation and replacement theory _cS. C Sharma |
||
| 260 |
_aNew Delhi : _bDiscovery Publishing House , _c2006. |
||
| 300 |
_a287p. : _c23 cm. |
||
| 650 | _amathimatics | ||
| 999 |
_c481 _d481 |
||